Dare to repair! / adapted by Emily Sollinger.
"Revvit becomes friends with the Dinotrux and convinces the other Reptools to come out of hiding to help the Dinotrux with the repairs they need. But when the Reptools try to help, they are scooped up by Scrapadactyls! Can Ty the T-Trux and the other Dinotrux return the favor and rescue their little friends?"--Page 4 of cover.
Record details
- ISBN: 9780316260824
- ISBN: 0316260827
- ISBN: 9780606383189
- ISBN: 0606383182
- Physical Description: 1 volume (unpaged) : color illustrations ; 21 cm
- Edition: First edition.
- Publisher: New York : LB kids, an imprint of Little , Brown & Company, 2016.
Search for related items by subject
| Subject: | Dinosaurs > Juvenile fiction. Trucks > Juvenile fiction. Rescues > Fiction. Cooperativeness > Fiction. |
| LDR | 01722nam a2200397Ii 4500 | ||
|---|---|---|---|
| 001 | 143001 | ||
| 003 | CONS | ||
| 005 | 20170329080747.0 | ||
| 008 | 151022s2016 nyua j 000 1 eng d | ||
| 010 | . | ‡a 2015953994 | |
| 020 | . | ‡a9780316260824 ‡q(paperback) | |
| 020 | . | ‡a0316260827 ‡q(paperback) | |
| 020 | . | ‡a9780606383189 ‡q(Turtleback binding) | |
| 020 | . | ‡a0606383182 ‡q(Turtleback binding) | |
| 035 | . | ‡a(CPomAG)LMN598724 | |
| 082 | 0 | 4. | ‡a[E] ‡223 |
| 100 | 1 | . | ‡aSollinger, Emily, ‡eauthor. |
| 245 | 1 | 0. | ‡aDare to repair! / ‡cadapted by Emily Sollinger. |
| 246 | 1 | . | ‡iAt head of title: ‡aDinotrux |
| 246 | 3 | . | ‡aDinotrux. ‡pDare to repair! |
| 250 | . | ‡aFirst edition. | |
| 264 | 1. | ‡aNew York : ‡bLB kids, an imprint of Little , Brown & Company, ‡c2016. | |
| 300 | . | ‡a1 volume (unpaged) : ‡bcolor illustrations ; ‡c21 cm | |
| 336 | . | ‡atext ‡btxt ‡2rdacontent | |
| 336 | . | ‡astill image ‡bsti ‡2rdacontent | |
| 337 | . | ‡aunmediated ‡bn ‡2rdamedia | |
| 338 | . | ‡avolume ‡bnc ‡2rdacarrier | |
| 520 | . | ‡a"Revvit becomes friends with the Dinotrux and convinces the other Reptools to come out of hiding to help the Dinotrux with the repairs they need. But when the Reptools try to help, they are scooped up by Scrapadactyls! Can Ty the T-Trux and the other Dinotrux return the favor and rescue their little friends?"--Page 4 of cover. | |
| 650 | 0. | ‡aDinosaurs ‡vJuvenile fiction. | |
| 650 | 0. | ‡aTrucks ‡vJuvenile fiction. | |
| 650 | 1. | ‡aRescues ‡vFiction. | |
| 650 | 1. | ‡aCooperativeness ‡vFiction. | |
| 710 | 2 | . | ‡aDreamWorks Animation. |
| 730 | 0 | . | ‡aDinotrux (Television program) |
| 959 | . | ‡i32269001003766 ‡lBR Din ‡aJuvenile - Easy ‡tBeginning Reader ‡g18.00 | |
| 852 | . | ‡p32269001003766 ‡jBR Din ‡gJuvenile - Easy ‡cBeginning Reader ‡y18.00 ‡bSBPL | |
| 901 | . | ‡a143001 ‡bUnknown ‡c143001 ‡tbiblio | |